书目信息 |
| 题名: |
化工产品手册
|
|
| 作者: | 刘登祥 主编 | |
| 分册: | 橡胶及橡胶制品 | |
| 出版信息: | 北京 化学工业出版社 2005.03 |
|
| 页数: | 1067页 | |
| 开本: | 21cm | |
| 丛书名: | ||
| 单 册: | ||
| 中图分类: | TQ33-62 | |
| 科图分类: | ||
| 主题词: | 橡胶--Xiang Jiao--化工产品--手册 , 橡胶制品--Xiang Jiao Zhi Pin--手册 | |
| 电子资源: | ||
| ISBN: | 7-5025-6217-6 | |
| 000 | 00905nam0 2200301 450 | |
| 001 | CAL 012005028835 | |
| 005 | 20050614100605.12 | |
| 010 | @a7-5025-6217-6@dCNY 75.00 | |
| 099 | @aCAL 012005028835 | |
| 100 | @a20050328d2005 km y0chiy0121 ea | |
| 101 | 0 | @achi |
| 102 | @aCN@b110000 | |
| 105 | @aak z 001yy | |
| 200 | 1 | @a化工产品手册@AHua Gong Chan Pin Shou Ce@i橡胶及橡胶制品@f主编刘登祥 |
| 205 | @a第4版 | |
| 210 | @a北京@c化学工业出版社@d2005.03 | |
| 215 | @a1067页@c图@d21cm | |
| 320 | @a有索引 | |
| 330 | @a本书收入桷180种, 橡胶产品689种。 | |
| 517 | 1 | @a橡胶及橡胶制品@Axiang jiao ji xiang jiao zhi pin |
| 606 | 0 | @a橡胶@AXiang Jiao@x化工产品@j手册 |
| 606 | 0 | @a橡胶制品@AXiang Jiao Zhi Pin@j手册 |
| 690 | @aTQ33-62@v4 | |
| 701 | 0 | @a刘登祥@ALiu Deng Xiang@4主编 |
| 801 | 0 | @aCN@bNMU@c20050614 |
| 905 | @a10447@dTQ33-62@eL600 | |
| 906 | @dCNY75.00@n0@r1 | |
| 998 | @aNMU | |
| 化工产品手册.橡胶及橡胶制品/主编刘登祥.-第4版.-北京:化学工业出版社,2005.03 |
| 1067页:图;21cm |
| ISBN 7-5025-6217-6:CNY 75.00 |
| 本书收入桷180种, 橡胶产品689种。 |
| ● |
| 相关链接 |
|
|
|
正题名:化工产品手册
索取号:TQ33-62/L600
 
预约/预借
| 序号 | 登录号 | 条形码 | 馆藏地/架位号 | 状态 | 备注 |
| 1 | 533540 | 205335403 | 材料与化工学院资料室/ [索取号:TQ33-62/L600] | 在馆 | |
| 2 | 533541 | 205335412 | 自科二线504/504自科库 44排1列5层/ [索取号:TQ33-62/L600] | 在馆 | |
| 3 | 533542 | 205335421 | 自科库501/501自科库 39排1列3层/ [索取号:TQ33-62/L600] | 在馆 |